000 01264cam a2200337 i 4500
001 11887
003 SpMaBN
005 20230706125428.0
008 230616s1992 sp | |||| ||spa
016 7 _abimoBNE19930068015
_2SpMaBN
017 _aV 1293-1992
_bOficina Depósito Legal Valencia
020 _a8485339770
035 _a(OCoLC)434778259
040 _aSpMaBN
_bspa
_cSpMaBN
_erdc
_dES-MaACL
080 _a860-13"16"
100 1 _aEnríquez Gómez, Antonio,
_d1600-1663
_947290
245 1 0 _aSansón nazareno /
_cAntonio Enríquez Gómez
250 _aEd. facs. /
_bCarlos de la Rica y Antonio Lázaro Cebrián
260 _aCarboneras de Cuenca :
_bEl Toro de Barro,
_c[1992]
300 _aXXXIV, 338 p. ;
_c21 cm
490 1 _3Clásicos castellano-manchegos ;
_v3
534 _pReprod. facs. de la ed. de:
_cen Ruan : en la Emprenta de Laurenço Maurry, 1656
655 7 _2tgfbne
_9226495
_aFacsímiles
700 0 _aRica, Carlos de la,
_d1930-1997
_996845
700 0 _aLázaro Cebrián, Antonio,
_d1956-
_970799
830 _9226661
_aClásicos castellano-manchegos ;
_v3
942 _2udc
_cMONOGRAFIA
980 _aV 1293-1992
_aSpMaBN
_bBNALCALA
_jAHM/158544
_cSG_PETANTI
999 _c11887
_d11887